00919 2200325 4500001002100000005001500021035002000036007000300056040001600059100003800075245007500113250001200188300004000200020002200240041000800262082000800270084001400278090001900292264003600311336002100347337003000368338002300398500002900421650001200450700003700462850001000499008004100509990002100550990002200571INLIS00000000000740020260602031449 a0010-0822000374ta aSBUPADbind0 aAnggraini Citra KusumaePengarang1 aKalender Resep :bPaket Menu komplet 30 Hari /cAnggraini Citra Kusuma a.-cet.1 avi + 91 Hlm :bilus ;c13,5 x 20 cm a978-979-1478-59-507aind a641 a641 ANG k a641 ANG k 20-6 a.--Jakarta :bKata Media,c2014 2rdacontentateks 2rdamediaatanpa perantara 2rdacarrieravolume aTentang Penulis, hlm. 91 4aKuliner0 aPenyunting. RahmawatiePengarang aPUPAD260602 0  a28505/P/DPK/2018 a28.469/P/DPK/2018